• 首页
  • 本馆介绍
  • 公告通知
  • 最新文献
  • 馆藏检索
  • 电子资源
  • 读者导购
  • 参考咨询
  • 我的图书馆
  • 登录
  • 详细信息显示
  • 放入我的书架
  • 预约/预借图书
  • 作者相关作品
  • 分类相关作品
  • 丛书相关作品
  • 出版社相关作品

书目信息

  • 表格格式
  • 工作单格式
  • 卡片格式
题名:
论永恒的智慧
    
 
作者: 苏索 著 ;林克 译
分册:  
出版信息: 北京   华夏出版社  2005
页数: 177页
开本: 23cm
丛书名: 西方传统 经典与解释
单 册:
中图分类: B083
科图分类:
主题词: 神秘主义--研究
电子资源:
ISBN: 7-5080-3655-7
000 01195nam0 2200349 450
000 01158nam0 2200337 450
000 01111nam0 2200325 450
000 01081nam0 2200325 450
000 01027nam0 2200301 450
000 01012nam0 2200289 450
000 00975nam0 2200277 45
001 TS2006025004
005 20061227150238.67
010    @a7-5080-3655-7@dCNY25.00
100    @a20060829d2004 em y0chiy0120 ea
101 1  @achi@cger
102    @aCN@b110000
105    @ay a 000yy
200 1  @a论永恒的智慧@ALun Yong Heng De Zhi Hui@dDas Bvchlein der Ewigen Weisheit@f(德)苏索(Heinrich Seuse)著@F( De ) Su Suo (Heinrich Seuse) Zhu@g林克译@Glin ke yi@zger
210    @a北京@c华夏出版社@d2005
215    @a177页@d23cm
225 2  @a西方传统 经典与解释
410  0 @12001 @a西方传统 经典与解释@f刘小枫主编
510 1  @aDas Bvchlein der Ewigen Weisheit@zger
606 0  @a神秘主义@x研究
690    @aB083@v4
701 A1 @a苏索@ASu Suo@g(Heinrich Seuse)@4著
702  0 @a林克@Alin ke@4译
801  0 @aCN@b中图数据@c20061227
905    @a10447@dB083@e37
    
    论永恒的智慧=Das Bvchlein der Ewigen Weisheit/(德)苏索(Heinrich Seuse)著/林克译.-北京:华夏出版社,2005
    177页;23cm.-(西方传统 经典与解释)
    
    
    ISBN 7-5080-3655-7:CNY25.00
    
●
相关链接 在E读中查询图书 在五车中查询图书 在当当中查询图书 在豆瓣中查询图书


正题名:论永恒的智慧     索取号:B083/37         预约/预借

序号 登录号 条形码 馆藏地/架位号 状态 备注
1 0611973   206119733   第一样本阅览室/ [索取号:B083/37] 在馆    
2 0611974   206119742   第一借阅区/ [索取号:B083/37] 在馆    
唐山师范学院图书馆 欢迎您!
大连网信软件有限公司© 版权所有